Welcome to CU Library Online Public Access Catalogue (OPAC)

A SUMMARY OF CHRISTIAN HISTORY (Record no. 6580)

MARC details
000 -LEADER
fixed length control field 00392nam a22001457a 4500
005 - DATE AND TIME OF LATEST TRANSACTION
control field 20250619092007.0
008 - FIXED-LENGTH DATA ELEMENTS--GENERAL INFORMATION
fixed length control field 250619b |||||||| |||| 00| 0 eng d
020 ## - INTERNATIONAL STANDARD BOOK NUMBER
International Standard Book Number 9780805427547
050 ## - LIBRARY OF CONGRESS CALL NUMBER
Classification number BR146
Item number .B2 BAK
100 ## - MAIN ENTRY--PERSONAL NAME
Personal name BAKER A. ROBERT
245 ## - TITLE STATEMENT
Title A SUMMARY OF CHRISTIAN HISTORY
260 ## - PUBLICATION, DISTRIBUTION, ETC.
Place of publication, distribution, etc. NASHVILLE
Name of publisher, distributor, etc. BROADMAN AND HOLMAN PUBLISHERS
Date of publication, distribution, etc. c2002
300 ## - PHYSICAL DESCRIPTION
Extent xi, 435p
942 ## - ADDED ENTRY ELEMENTS (KOHA)
Source of classification or shelving scheme Library of Congress Classification
Koha item type Books
Suppress in OPAC No
999 ## -
-- 6580
-- 6580
Holdings
Withdrawn status Lost status Source of classification or shelving scheme Damaged status Not for loan Collection Home library Current library Shelving location Date acquired Total checkouts Full call number Barcode Date last seen Copy number Price effective from Koha item type
    Library of Congress Classification     Non-fiction Undergraduate Library (Christ Temple) Undergraduate Library (Christ Temple) General stacks 06/19/2025   BK146.B2 BAK ulct00003429 06/19/2025 1 06/19/2025 Books
    Library of Congress Classification     Non-fiction Undergraduate Library (Christ Temple) Undergraduate Library (Christ Temple) General stacks 06/19/2025   BK146.B2 BAK ulct00003430 06/19/2025 2 06/19/2025 Books
© 2023-2024 Copyright: Central University Libraries. All Rights Reserved | Created by: Mahone Tech Office